000 00414nam a2200157Ia 4500
008 210210b2000 xxu||||| |||| 00| 0 eng d
020 _a81 7556 200 5
082 _a535.58 BARE
100 _aBARUAH (G D).
245 _aEssentials of lasers and nonlinear optics.
260 _aMeerut
_bPragati Prakashan
_c2000
300 _avii,223
650 _aLasers nonlinear optics
690 _aOptics
906 _a059728
999 _c106927
_d106927